A spatial model of housing attributes (Record no. 9786)

000 -LEADER
fixed length control field 00385pab a2200157 454500
008 - FIXED-LENGTH DATA ELEMENTS--GENERAL INFORMATION
fixed length control field 180718b1983 xxu||||| |||| 00| 0 eng d
100 ## - MAIN ENTRY--PERSONAL NAME
Personal name Brueckner, Jan K
245 ## - TITLE STATEMENT
Title A spatial model of housing attributes
Remainder of title Theory and evidence
260 ## - PUBLICATION, DISTRIBUTION, ETC.
Date of publication, distribution, etc. 1983
300 ## - PHYSICAL DESCRIPTION
Extent 58-69
362 ## - DATES OF PUBLICATION AND/OR SEQUENTIAL DESIGNATION
Dates of publication and/or sequential designation Feb.
650 ## - SUBJECT ADDED ENTRY--TOPICAL TERM
Topical term or geographic name entry element Hosing
700 ## - ADDED ENTRY--PERSONAL NAME
Personal name Peter F. Colwell
773 ## - HOST ITEM ENTRY
Main entry heading Land Economics
909 ## -
-- 9786
Holdings
Withdrawn status Lost status Damaged status Not for loan Permanent Location Current Location Date acquired Serial Enumeration / chronology Barcode Date last seen Price effective from Koha item type
        Indian Institute of Public Administration Indian Institute of Public Administration 2018-07-19 Volume no: 59, Issue no: 1 AR9803 2018-07-19 2018-07-19 Articles

Powered by Koha